Maximum životního minima.
Diferenciácia príjmov a výdavkov v nadväznosti na prehlbujúcu sa diferenciáciu príjmov jednotlivcov a rast výdavkov domácností pri pokračujúcej cenovej liberalizácii. Pojem sociálnej potrebnosti a životného minima. Valorizácia životného minima, ako aj porovnanie mzdy a životného minima. Reálne možno...
Salvato in:
| Autore principale: | |
|---|---|
| Natura: | Capitolo di libro |
| Lingua: | ceco |
| Soggetti: | |
| Tags: |
Nessun Tag, puoi essere il primo ad aggiungerne!!
|
MARC
| LEADER | 00000naa a2200000 4500 | ||
|---|---|---|---|
| 001 | r012968 | ||
| 005 | 20221205075646.4 | ||
| 041 | 0 | |a cze | |
| 044 | |a CZ | ||
| 245 | 1 | 0 | |a Maximum životního minima. |c Eva Holánová |
| 520 | |a Diferenciácia príjmov a výdavkov v nadväznosti na prehlbujúcu sa diferenciáciu príjmov jednotlivcov a rast výdavkov domácností pri pokračujúcej cenovej liberalizácii. Pojem sociálnej potrebnosti a životného minima. Valorizácia životného minima, ako aj porovnanie mzdy a životného minima. Reálne možnosti českej ekonomiky. | ||
| 610 | 2 | 0 | |a minimum existenčné |
| 610 | 2 | 0 | |a príjmy obyvateľstva |
| 610 | 2 | 0 | |a výdavky obyvateľstva |
| 610 | 2 | 0 | |a liberalizácia |
| 610 | 2 | 0 | |a ceny |
| 610 | 2 | 0 | |a mzdy |
| 610 | 2 | 0 | |a Čechy |
| 100 | 1 | |a Holánová, Eva | |